[Event "BL 2016-17"]
[Site "Jenbach"]
[Date "2017.04.22"]
[Round "11"]
[White "Georgiadis, Nico"]
[Black "Melkumyan, Hrant"]
[Result "0-1"]
[WhiteElo "2478"]
[BlackElo "2627"]
[Annotator "TA"]
[PlyCount "120"]
[EventDate "2017.??.??"]
[EventCountry "AUT"]
[SourceTitle "playchess.com"]
[Source "ChessBase"]
[SourceQuality "1"]
[WhiteTeam "Götzis"]
[BlackTeam "Wulkaprodersdorf"]

{[%evp 17,120,8,11,-5,58,37,75,55,84,58,97,71,66,31,63,24,91,89,125,133,114,93,105,72,90,56,64,71,68,29,56,23,40,26,41,32,30,41,40,0,80,45,83,66,67,18,25,18,18,18,21,0,139,31,100,100,110,0,49,-145,-162,-154,-143,-149,-147,-155,-149,-225,-221,-228,-223,-971,-962,-836,-159,-160,-146,-142,-66,-66,-66,-66,-87,-224,-224,-215,-217,-204,-222,-497,-458,-545,-539,-435,-343,-964,-947,-639,-554,-1470,-1408,-1363,-1202,-1649,-1746]} 1. d4 Nf6 2. c4 g6 3. g3 Bg7 4. Bg2 O-O 5. Nc3 d6 6. Nf3 Nbd7 7. O-O e5 8. b3 Re8 9. Bb2 c6 10. Qc2 {E67: King's Indian: Fianchetto: 6...Nbd7} (10. d5 e4 11. dxc6 bxc6 12. Nd4 Bb7 13. Nc2 d5 14. Ne3 Ne5 15. cxd5 cxd5 16. Na4 Rc8 17. Bh3 Rc7 18. Qd2 {1-0 (46) Wang,H (2717)-Movsesian,S (2653) Huaian 2016}) 10... h6 (10... e4 $11 11. Ng5 e3) 11. e4 Nh7 12. d5 $146 {White is better.} (12. Rad1 Ng5 13. d5 Nxf3+ 14. Bxf3 c5 15. Rfe1 a6 16. Bg2 b5 17. cxb5 axb5 18. Nxb5 {0-1 (41) Bawart,M (2255)-Golubovic,B (2420) Velden 1996}) 12... c5 13. Ne1 h5 14. Nd3 h4 15. Rae1 Ndf6 16. h3 Ng5 (16... Nh5 $1 $11) 17. g4 $16 ({Inferior is} 17. gxh4 Nxh3+ 18. Kh2 Nf4 $15) 17... Nd7 18. Nb5 Nf8 19. f4 exf4 20. Bxg7 Kxg7 21. Qb2+ f6 22. Rxf4 Nfh7 23. b4 b6 $1 24. Ref1 {[%cal Be1f1,Bf1f2,Bf2a2][%mdl 32]} Ba6 25. a4 Bxb5 26. axb5 Qe7 $1 27. bxc5 bxc5 28. Qa1 Rf8 (28... a6 $1 $11 29. bxa6 Reb8) 29. R1f2 Rad8 30. Ra2 $1 {[%cal Ra2a7]} Rd7 $1 31. Qe1 Nf7 $1 32. Rf1 Ne5 $1 {[%cal Re5d3]} 33. Nf4 {Ne6+ is the strong threat.} Rf7 34. Qxh4 g5 (34... Nxc4 $11 35. Ne6+ Kg8) 35. Nh5+ ({White has to play} 35. Ne6+ $16 Kg8 36. Qh6) 35... Kg8 (35... Kh8 $14 36. Qf2 Nxc4) 36. Qe1 Nxc4 37. e5 (37. Ng3 $16) 37... Nxe5 38. Be4 $2 {[#]} (38. Qb1 $14 {keeps the upper hand.}) 38... f5 $1 $36 {[%cal Rf5e4][%mdl 2560] Black is really pushing.} 39. gxf5 (39. Bxf5 Nf3+) 39... Nf6 40. Nxf6+ Qxf6 ({Stronger than} 40... Rxf6 41. Rg2 $11) 41. Rg2 Rh7 42. Qg3 (42. Rg3 $17) 42... Rdg7 $19 43. Bf3 Rh4 $1 44. Bg4 $2 (44. Re1) 44... Nxg4 45. hxg4 Qd4+ $2 (45... Re7 $19 {has better winning chances. aiming for ...Qh8.} 46. Rd1 Re4) 46. Qf2 $17 Rxg4 47. Qxd4 Rxd4 {[%mdl 4096] Endgame KRR-KRR} ({Black should play} 47... Rxg2+ $1 $17 48. Kxg2 cxd4) 48. f6 $15 Rg6 {Hoping for ...Kf7.} 49. f7+ Kf8 50. Rf5 (50. Ra2 $17 Rg4+ 51. Rg2) 50... Rg7 $19 51. Ra2 {[#]} Rg4+ $1 52. Kf2 Rxf7 53. Rxf7+ $2 (53. Rf3 {is the only way for White.}) 53... Kxf7 54. Rxa7+ {KR-KR} Kf6 55. Ra2 Rf4+ 56. Kg3 $2 (56. Ke1) 56... Ke5 {Black is clearly winning.} 57. Rb2 Kxd5 58. b6 {[#] Threatens to win with b7.} Rf8 $1 ({Don't consider} 58... Rb4 $2 59. Rxb4 cxb4 60. b7 $18) 59. b7 Rb8 60. Rb6 c4 0-1

[Event "BL 2016-17"]
[Site "Germany"]
[Date "2017.04.08"]
[Round "11"]
[White "Saltaev, Mihail"]
[Black "Cyborowski, Lukasz"]
[Result "1/2-1/2"]
[WhiteElo "2476"]
[BlackElo "2532"]
[Annotator "TA"]
[PlyCount "41"]
[EventDate "2017.??.??"]
[EventType "team-tourn"]
[EventCountry "GER"]
[SourceTitle "playchess.com"]
[Source "ChessBase"]
[SourceQuality "1"]
[WhiteTeam "Mülheim Nord"]
[BlackTeam "SG Trier"]

{[%evp 18,41,0,0,14,4,17,0,0,-8,0,0,4,0,9,4,8,9,6,0,1,0,8,-12,-7,-11]} 1. e4 e5 2. Nf3 Nf6 3. Nxe5 d6 4. Nf3 Nxe4 5. Qe2 Qe7 6. d3 Nf6 7. Bg5 Qxe2+ 8. Bxe2 Be7 9. Nc3 h6 10. Bd2 {LiveBook: 10 Games. The position is equal. C42: Petroff Defence: 3 Nxe5 and unusual White 3rd moves} (10. Bf4 Nc6 11. O-O-O Be6 12. d4 Nb4 13. a3 Nbd5 14. Nxd5 Nxd5 15. Bd2 Bf6 16. Rhe1 O-O-O 17. h3 Rde8 18. Bd3 {1-0 (68) Bacrot,E (2700)-Wang,Y (2734) Khanty-Mansiysk 2009}) 10... Bd7 11. O-O-O Nc6 12. Rde1 $146 (12. a3 O-O-O 13. h3 Rde8 14. Rde1 a6 15. d4 d5 16. Bd3 Bd6 17. Kd1 Kd8 {½-½ (17) Barua,D (2494)-Prasad,D (2441) Sri Lanka 2001}) 12... O-O-O 13. Bd1 Rde8 14. h3 Bd8 15. a3 Rxe1 16. Rxe1 a6 17. Ne2 Re8 18. Ng3 Rxe1 19. Nxe1 Ne7 20. Nh5 Nxh5 21. Bxh5 1/2-1/2

[Event "BL 2016-17"]
[Site "Germany"]
[Date "2017.04.08"]
[Round "11"]
[White "Rau, Hannes"]
[Black "Meister, Peter"]
[Result "1/2-1/2"]
[WhiteElo "2473"]
[BlackElo "2363"]
[Annotator "TA"]
[PlyCount "49"]
[EventDate "2017.??.??"]
[EventType "team-tourn"]
[EventCountry "GER"]
[SourceTitle "playchess.com"]
[Source "ChessBase"]
[SourceQuality "1"]
[WhiteTeam "Hockenheim"]
[BlackTeam "Bayern München"]

{[%evp 14,49,45,29,39,35,39,35,40,37,35,-14,21,0,42,33,37,37,38,29,27,10,25,14,9,0,29,26,27,-6,20,-2,0,-11,-6,-6,-4,-7]} 1. c4 g6 2. Nc3 Bg7 3. Nf3 d6 4. d4 Bg4 5. e3 c5 6. Be2 cxd4 7. exd4 Nc6 8. Be3 Nh6 {[%cal Bg8h6,Bh6f5,Bf5d4,Bd4e2][%mdl 32] A35: Symmetrical English: 2 Nc3 Nc6 3 Nf3} 9. d5 {[#] aiming for Bxh6.} Bxf3 $1 10. Bxf3 Ne5 {White is slightly better.} 11. Be2 Nf5 12. Bf4 (12. Bd2 h5 13. O-O Qb6 14. b3 a6 15. Rc1 Qd4 16. Qc2 {0-1 (63) Sumets,A (2577)-Onischuk,V (2614) Lvov 2016}) 12... O-O 13. Rc1 Rc8 14. b3 a6 $146 (14... Qa5 15. Qd2 Rfe8 16. O-O {1-0 (24) Sanna,G-Karp,M Groningen 1980}) 15. O-O Nd4 16. Kh1 ({Don't capture} 16. Qxd4 $2 Nf3+ 17. Bxf3 Bxd4 $19) 16... Nxe2 17. Qxe2 Re8 18. Bd2 Nd7 19. Ne4 Nf6 20. Nxf6+ Bxf6 21. Bc3 e5 {The position is equal.} 22. dxe6 Rxe6 23. Qd3 Bxc3 24. Rxc3 d5 25. cxd5 1/2-1/2

[Event "BL 2016-17"]
[Site "Germany"]
[Date "2017.04.08"]
[Round "11"]
[White "Schreiner, Peter"]
[Black "Starostits, Ilmars"]
[Result "1-0"]
[WhiteElo "2473"]
[BlackElo "2409"]
[Annotator "TA"]
[PlyCount "76"]
[EventDate "2017.??.??"]
[EventType "team-tourn"]
[EventCountry "GER"]
[SourceTitle "playchess.com"]
[Source "ChessBase"]
[SourceQuality "1"]
[WhiteTeam "SF Berlin"]
[BlackTeam "Speyer-Schwegenheim"]

{[%evp 19,76,7,6,12,52,0,0,0,0,0,0,0,-7,-7,25,44,40,27,20,14,60,51,53,65,65,47,74,82,64,56,109,110,102,98,116,88,173,129,277,130,336,296,416,404,759,735,694,567,723,642,691,344,879,612,606,610,602,580,685]} 1. Nf3 Nf6 2. c4 c6 3. d4 d5 4. Qb3 dxc4 5. Qxc4 Bf5 6. g3 Nbd7 7. Bg2 e6 8. O-O Be7 9. e3 O-O {D23: Queen's Gambit Accepted: 3 Nf3 Nf6 sidelines} 10. Qe2 Qc7 {LiveBook: 27 Games} (10... Rc8 11. Rd1 Qa5 12. Bd2 Qb5 13. Qxb5 cxb5 14. Ne1 Ne4 15. Nc3 Nxd2 16. Rxd2 Bb4 17. Bxb7 {1-0 (45) Ivanchuk,V (2747)-Mamedyarov,S (2768) Doha 2016}) 11. Nc3 Ne4 {The position is equal.} 12. Nh4 (12. Ne1 $14 Nxc3 13. bxc3) 12... Nxc3 $11 13. bxc3 Bxh4 $1 14. gxh4 e5 15. e4 Be6 16. f4 $146 {Threatens to win with f5.} exf4 17. Bxf4 Qa5 18. Qf3 f5 19. Qg3 {Bh6 is the strong threat.} Rf7 20. Bc7 Qa3 21. Bd6 Qa5 $1 22. Bb4 Qb5 23. Qd6 $1 {[%cal Rd6e6]} Rf6 24. a4 {[%cal Ba2a4,Ba4a5][%mdl 32]} Qb6 {[#]} (24... Qe2 $14) 25. Qe7 $1 $36 {[%mdl 2048] aiming for exf5. Keeping Black busy.} Nf8 26. a5 Qb5 27. exf5 Bxf5 (27... Bd5 $16) 28. Qe5 {And now Qxb5 would win.} a6 {[#]} (28... Qd3 $16) 29. Rae1 (29. Qxb5 $1 $18 {and the rest is easy.} axb5 30. d5) 29... Ng6 $2 (29... Qxe5 $16 30. Rxe5 (30. dxe5 Rf7 $16) 30... Bd7) 30. Qg3 $18 Qc4 (30... h5 {was called for.} 31. Rf3 Kh7) 31. h5 Nf8 (31... Kh8 $142 32. hxg6 Rxg6) 32. Re7 {[%csl Ge7][%cal Rg3g7]} Ne6 33. Rxb7 h6 34. Re1 Ng5 35. Bd6 (35. h4 $142 Nf7 36. Rc7) 35... Rc8 $2 (35... Qd3 36. Be5 Qxg3 37. hxg3 Rf7) 36. Be5 {Hoping for Rxg7+!White is clearly winning.} Rf7 37. Rxf7 Qxf7 38. Rf1 Qd7 1-0

[Event "BL 2016-17"]
[Site "Jenbach"]
[Date "2017.04.22"]
[Round "11"]
[White "Schreiner, Peter"]
[Black "Froewis, Georg"]
[Result "1/2-1/2"]
[WhiteElo "2473"]
[BlackElo "2441"]
[Annotator "TA"]
[PlyCount "31"]
[EventDate "2017.??.??"]
[EventCountry "AUT"]
[SourceTitle "playchess.com"]
[Source "ChessBase"]
[SourceQuality "1"]
[WhiteTeam "Feffernitz"]
[BlackTeam "Hohenems"]

{[%evp 12,31,36,32,32,32,32,35,39,33,31,12,26,4,47,25,35,0,48,0,37,0]} 1. e4 e6 2. d4 d5 3. Bd3 c5 4. exd5 exd5 5. Nf3 Nf6 6. O-O {C01: French: Exchange Variation} Be7 (6... c4 7. Re1+ Be7 8. Bf1 O-O 9. Bg5 {½-½ (9) Short,N (2676)-Vallejo Pons,F (2707) Pattaya 2011}) 7. dxc5 {LiveBook: 4 Games} Bxc5 8. Re1+ Be6 9. Nbd2 O-O 10. Nb3 Bb6 11. Nfd4 $146 (11. Bg5 Nbd7 12. Qd2 Qc7 {1-0 (42) Hrncar,L (2065)-Petko,V Martin 2003}) 11... Nc6 12. Be3 Qd6 13. Nb5 Qd8 14. N5d4 Qd6 15. Nb5 Qd8 $1 16. N5d4 1/2-1/2

[Event "BL 2016-17"]
[Site "Germany"]
[Date "2017.04.08"]
[Round "11"]
[White "Jaracz, Pawel"]
[Black "Dinstuhl, Volkmar"]
[Result "1/2-1/2"]
[WhiteElo "2469"]
[BlackElo "2397"]
[Annotator "TA"]
[PlyCount "133"]
[EventDate "2017.??.??"]
[EventType "team-tourn"]
[EventCountry "GER"]
[SourceTitle "playchess.com"]
[Source "ChessBase"]
[SourceQuality "1"]
[WhiteTeam "SG Trier"]
[BlackTeam "Mülheim Nord"]
[TimeControl "40/6000+30:3000+30"]

1. d4 {[%emt 0:00:00]} Nf6 {[%emt 0:00:11]} 2. c4 {[%emt 0:00:01]} e6 {[%emt 0:00:11]} 3. Nf3 {[%emt 0:00:14]} Nc6 {[%emt 0:01:14]} 4. a3 {[%emt 0:05:23]} d6 {[%emt 0:00:53]} 5. g3 {[%emt 0:07:22]} g6 {[%emt 0:00:48]} 6. Bg2 {[%emt 0:00:05]} Bg7 {[%emt 0:00:09]} 7. O-O {[%emt 0:01:12]} O-O {[%emt 0:00:02]} 8. Nc3 {[%emt 0:03:58]} a6 {[%emt 0:09:58]} 9. Bf4 {[%emt 0:14:30]} h6 {[%emt 0:13:37]} 10. Qd3 {[%emt 0:13:06]} Bd7 {[%emt 0:23:53]} 11. e4 {[%emt 0:06:24]} Nxd4 {[%emt 0:22:41]} 12. Nxd4 {[%emt 0:07:17]} e5 {[%emt 0:00:07]} 13. Be3 {[%emt 0:00:44]} exd4 {[%emt 0:00:06]} 14. Bxd4 {[%emt 0:00:03]} Bc6 {[%emt 0:03:05]} 15. b4 {[%emt 0:03:15]} Re8 {[%emt 0:05:03]} 16. Rfe1 {[%emt 0:05:26]} Qe7 {[%emt 0:06:43]} 17. Rac1 {[%emt 0:03:31]} Bd7 {[%emt 0:03:54]} 18. c5 {[%emt 0:06:44]} Bc6 {[%emt 0:04:34]} 19. cxd6 {[%emt 0:01:05]} cxd6 {[%emt 0:00:31]} 20. a4 {[%emt 0:02:26]} Rac8 {[%emt 0:00:56]} 21. Bh3 {[%emt 0:01:58]} Rcd8 {[%emt 0:04:08]} 22. Qd2 {[%emt 0:07:15]} b5 {[%emt 0:02:57]} 23. axb5 {[%emt 0:01:23]} axb5 {[%emt 0:00:03]} 24. Qb2 {[%emt 0:07:15]} Qf8 {[%emt 0:02:51]} 25. Nxb5 {[%emt 0:01:22]} Bxb5 {[%emt 0:02:17]} 26. Bxf6 {[%emt 0:00:04]} d5 {[%emt 0:00:46]} 27. Bxg7 {[%emt 0:03:50]} Qxg7 {[%emt 0:00:01]} 28. Qxg7+ {[%emt 0:00:27]} Kxg7 {[%emt 0:00:01]} 29. exd5 {[%emt 0:00:33]} Rxe1+ {[%emt 0:00:06]} 30. Rxe1 {[%emt 0:00:02]} Rxd5 {[%emt 0:00:02]} 31. Bf1 {[%emt 0:02:46]} Kf6 {[%emt 0:00:52]} 32. Bxb5 {[%emt 0:00:57]} Rxb5 {[%emt 0:00:02]} 33. Re4 {[%emt 0:00:25]} Kf5 {[%emt 0:01:10]} 34. Rf4+ {[%emt 0:00:34]} Ke6 {[%emt 0:00:11]} 35. Rh4 {[%emt 0:02:18]} Kd5 {[%emt 0:01:02]} 36. Kg2 {[%emt 0:01:44]} Rb6 {[%emt 0:00:33]} 37. Kf3 {[%emt 0:01:04]} g5 {[%emt 0:00:30]} 38. Rh5 {[%emt 0:00:54]} f5 {[%emt 0:00:46]} 39. h4 {[%emt 0:00:34]} Ke5 {[%emt 0:01:16]} 40. hxg5 {[%emt 0:00:21]} hxg5 {[%emt 0:50:01]} 41. Rxg5 {[%emt 0:02:53]} Rxb4 {[%emt 0:00:00]} 42. Rh5 {[%emt 0:03:40]} Ra4 {[%emt 0:00:00]} 43. Kg2 {[%emt 0:01:09]} Kf6 {[%emt 0:00:00]} 44. f4 {[%emt 0:01:06]} Kg6 {[%emt 0:00:00]} 45. Rh1 {[%emt 0:04:35]} Ra3 {[%emt 0:00:00]} 46. Rb1 {[%emt 0:00:23]} Ra6 {[%emt 0:00:00]} 47. Kh3 {[%emt 0:01:48]} Rc6 {[%emt 0:00:00]} 48. Kh4 {[%emt 0:01:54]} Ra6 {[%emt 0:00:00]} 49. Rb8 {[%emt 0:00:42]} Rc6 {[%emt 0:00:00]} 50. Rg8+ {[%emt 0:00:50]} Kf7 {[%emt 0:00:00]} 51. Rg5 {[%emt 0:01:12]} Kf6 {[%emt 0:00:00]} 52. Rg8 {[%emt 0:20:42]} Kf7 {[%emt 0:00:00]} 53. Ra8 {[%emt 0:02:08]} Kg6 {[%emt 0:00:00]} 54. Ra3 {[%emt 0:02:28]} Rb6 {[%emt 0:00:00]} 55. Kh3 {[%emt 0:00:23]} Rc6 {[%emt 0:00:00]} 56. Rb3 {[%emt 0:00:17]} Ra6 {[%emt 0:00:00]} 57. Kg2 {[%emt 0:01:07]} Rc6 {[%emt 0:00:00]} 58. Rb8 {[%emt 0:00:47]} Kf6 {[%emt 0:00:00]} 59. Rf8+ {[%emt 0:01:11]} Kg6 {[%emt 0:00:00]} 60. Kh3 {[%emt 0:00:30]} Ra6 {[%emt 0:00:00]} 61. Rc8 {[%emt 0:03:51]} Rb6 {[%emt 0:00:00]} 62. Kh4 {[%emt 0:00:51]} Ra6 {[%emt 0:00:00]} 63. Rg8+ {[%emt 0:02:21]} Kf7 {[%emt 0:00:00]} 64. Rg5 {[%emt 0:00:12]} Kf6 {[%emt 0:00:00]} 65. Kh5 {[%emt 0:00:16]} Ra3 {[%emt 0:00:00]} 66. Rg8 {[%emt 0:01:36]} Kf7 {[%emt 0:00:00] Check Result:0.00} 67. Rg5 {[%emt 0:00:59]} 1/2-1/2

[Event "BL 2016-17"]
[Site "Germany"]
[Date "2017.04.08"]
[Round "11"]
[White "Vogel, Roven"]
[Black "Babula, Vlastimil"]
[Result "1-0"]
[WhiteElo "2462"]
[BlackElo "2559"]
[Annotator "TA"]
[PlyCount "77"]
[EventDate "2017.??.??"]
[EventType "team-tourn"]
[EventCountry "GER"]
[SourceTitle "playchess.com"]
[Source "ChessBase"]
[SourceQuality "1"]
[WhiteTeam "TU Dresden"]
[BlackTeam "Werder Bremen"]

{[%evp 15,77,5,12,0,17,17,29,20,24,34,26,23,29,35,33,47,77,59,108,92,127,94,127,57,79,73,64,75,131,129,152,137,187,175,175,178,180,162,180,124,125,116,180,88,53,8,15,14,123,115,120,125,424,423,416,412,399,392,2108,1883,29993,29994,29996,29996]} 1. c4 e5 2. Nc3 Nf6 3. Nf3 Nc6 4. g3 Bc5 5. Bg2 d6 6. O-O O-O 7. d3 h6 8. Na4 Bb6 {LiveBook: 20 Games} 9. Rb1 {A29: English Opening: Four Knights Variation with 4 g3} (9. b3 Bd4 10. Rb1 a6 11. e3 Ba7 12. Nc3 Bf5 13. b4 Qd7 14. Re1 Bh3 15. Bh1 Rfe8 16. Nd2 Qf5 {½-½ (55) Georgiev,K (2636)-Kobalia,M (2651) Khanty-Mansiysk 2013}) 9... e4 10. dxe4 Nxe4 11. Nd2 $146 {White has an edge.} (11. Nxb6 axb6 12. a3 Nc5 13. Bd2 Bg4 14. Rc1 Qe7 15. Re1 Rfe8 16. Bc3 Ne4 {½-½ (24) Buchegger,K-Frey,A Austria 1997}) 11... Ng5 12. Nxb6 axb6 13. f4 Nh7 14. a3 Nf6 15. e4 Nd4 16. h3 b5 17. b4 $1 bxc4 18. Nxc4 Nb5 19. Qd3 (19. Bb2 $16) 19... c6 $14 20. Bb2 d5 21. exd5 $1 Nxd5 (21... cxd5 $142 22. Ne3 Qb6) 22. Rbd1 $1 $16 Re8 23. f5 $1 {[%cal Bf4f5,Bf5f6][%mdl 32]} Qc7 24. f6 g6 25. Qd2 g5 26. Rde1 $40 {[%mdl 128] White wants a kill.} Rxe1 27. Qxe1 ({White should play} 27. Rxe1 $18 {Re8+ would kill now.} Be6 28. Qf2) 27... Be6 28. h4 Nb6 (28... Nf4 $16 {was called for.} 29. gxf4 Bxc4) 29. Nxb6 ({But not} 29. Be5 $6 Qd8 30. Na5 Nc4 $14) (29. Ne5 $1 $18 {and White stays clearly on top.}) 29... Qxb6+ 30. Kh2 Nxa3 {And now ...Nc2 would win.} 31. Qa1 Qa7 (31... gxh4 $11 32. gxh4 Qxb4) 32. Qd1 $1 {[%cal Rd1h5][%mdl 1024] Qh5 is the strong threat. White has strong compensation.} Nc4 {[#] Strongly threatening ...Ne3.} 33. Bd4 $1 {[%cal Rd4a7]} Qb8 $2 {[%mdl 8192] [#]} (33... Qa3 $16) 34. Qh5 $1 $18 {[%cal Rh5h6]} Ra3 35. Rf3 Rxf3 36. Bxf3 Qf8 $2 (36... gxh4 37. Qxh4 Qf8) 37. Bc5 ({Weaker is} 37. hxg5 Qxb4 38. Qxh6 Qf8 $16) 37... Qd8 38. Qxh6 {[%csl Gf6][%cal Rh6g7]} Qd2+ 39. Bg2 1-0

[Event "BL 2016-17"]
[Site "Jenbach"]
[Date "2017.04.22"]
[Round "11"]
[White "Repka, Christopher"]
[Black "Bosiocic, Marin"]
[Result "0-1"]
[WhiteElo "2455"]
[BlackElo "2602"]
[Annotator "TA"]
[PlyCount "152"]
[EventDate "2017.??.??"]
[EventCountry "AUT"]
[SourceTitle "playchess.com"]
[Source "ChessBase"]
[SourceQuality "1"]
[WhiteTeam "Bregenz"]
[BlackTeam "St. Veit"]

{[%evp 21,152,-8,24,16,42,43,73,5,4,0,0,0,0,-63,-29,-80,-79,-59,-69,-103,-96,-88,-84,-97,-79,-109,-58,-60,-62,-187,-199,-206,-199,-199,-192,-196,-201,-181,-180,-335,-333,-330,-50,-55,-49,-47,-47,-48,0,-44,-49,-80,-64,-64,-64,-65,-56,-52,0,0,0,-72,-72,-73,-62,-61,-61,-72,-72,-72,-72,-72,-73,-72,-72,-72,-72,-72,-72,-72,-61,-74,-66,-78,-67,-78,-70,-71,-21,-34,-34,-34,-12,-34,-34,-34,0,0,0,-29,-29,-29,-29,-73,-29,-727,-29,-29,-29,-51,-29,-29,-30,-429,-429,-29980,-29981,-29981,-29982,-29982,-29983,-29983,-29984,-29984,-29985,-29985,-29986,-29986,-29987,-29987,-29988,-29995,-8]} 1. d4 Nf6 2. Nf3 e6 3. c4 b6 4. g3 Ba6 5. Qa4 Bb7 6. Bg2 c5 7. dxc5 bxc5 8. O-O Be7 9. Nc3 O-O 10. Rd1 Qb6 11. Bf4 d6 12. Rab1 {E15: Queen's Indian: 4 g3 sidelines, 4 g3 Ba6 and 4 g3 Bb7 early deviations} Na6 {[%cal Bb8a6,Ba6b4,Bb4c2][%mdl 32]} (12... Nbd7 13. b4 Rfb8 14. a3 h6 15. h3 a6 16. g4 Qc7 17. Qa5 Qxa5 18. bxa5 Ne8 19. Ne5 Nxe5 20. Bxb7 Nxc4 21. Bxa8 Rxa8 {½-½ (32) Navara,D (2730)-Tomashevsky,E (2728) Wijk aan Zee 2016}) 13. a3 d5 $146 (13... Bc6 14. Qc2 Rfd8 15. Rd2 Rd7 16. Rbd1 Rad8 17. e4 Nh5 18. Be3 Qb8 19. Ng5 g6 {½-½ (68) Popilski,G (2522)-Mareco,S (2583) Caleta 2015}) 14. b4 (14. e3 $16) 14... cxb4 $11 {Strongly threatening ...Bc6.} 15. axb4 Nxb4 (15... Bxb4 $6 16. Ne5 Bxc3 17. Rxb6 axb6 18. Qa3 $16) 16. Be3 Bc6 17. Nb5 (17. Qa3 $11 Qc7 18. Bf4 (18. Rxb4 $2 a5 19. Bf4 Qc8 $19)) 17... Qb7 (17... Bxb5 $6 18. cxb5 (18. Qxb5 Qxb5 19. cxb5 Nc2 $17) 18... Qd6 19. Bf4 $16) 18. Qa5 (18. Ne5 $11) 18... Bxb5 $1 $17 (18... dxc4 $6 19. Nd6 Bxd6 20. Rxd6 $14) 19. cxb5 Nc2 20. Bc1 Rfc8 {[%cal Bf8c8,Bc8c5,Bc5b5][%mdl 32]} 21. Ne5 Bd6 22. Bb2 Rc5 23. Qa6 Qxa6 ({Black should try} 23... Rxb5 $17 24. Qxb7 (24. Qxd6 Rxb2 25. Rxb2 Qxb2 $17) 24... Rxb7) 24. bxa6 $15 Rb8 25. e4 (25. Nd3 $15 Rc4 26. Be5 Bxe5 27. Nxe5) 25... Rcb5 $1 $19 {aiming for ...Bxe5.} (25... Rxb2 26. Rxb2 Bxe5 27. Rb7 $15) 26. Nc6 R8b6 $1 {[%cal Rb6c6]} (26... Rxb2 $2 27. Nxb8 Rxb8 28. Rxb8+ Bxb8 29. Rc1 $18) 27. exd5 exd5 (27... Rxb2 28. Rxb2 Rxb2 29. dxe6 $11) 28. Nxa7 Rxb2 29. Rxb2 Rxb2 30. Nc8 $2 (30. Nc6 {was forced.} Ra2 31. a7) 30... Bc5 31. a7 Bxa7 $2 ({Black should play} 31... Ra2 $1 $19 {Hoping for ...Nb4.} 32. Rc1 Ne3 $1 {[%mdl 512]}) 32. Nxa7 $15 Nb4 33. Nc8 Kf8 34. Nb6 {[%cal Rb6d5]} Ne4 35. Nxd5 Nxf2 36. Rf1 {[#]} Nh3+ $1 {[%mdl 512]} (36... Nbd3 $5 {is more complex.} 37. Ne3 h5 38. Nc4 Rc2 39. Ne3 Re2) 37. Kh1 (37. Bxh3 Nxd5) 37... Nxd5 38. Bxd5 {[%mdl 4096] Endgame KRB-KRN} f6 39. Ra1 Ke7 ({Better is} 39... g6 $15) 40. Ra7+ $11 Kd6 41. Ba8 {[#]} (41. Bg8 $11 {remains equal.}) 41... g5 $1 $17 42. Ra6+ Ke5 {( -> ...Rb1+)} 43. Ra5+ Kd4 44. Rf5 Rb1+ 45. Kg2 g4 {[%csl Gh3][%cal Rb1g1]} 46. Rf1 Rb2+ 47. Kh1 Ke5 48. Re1+ Kd6 49. Be4 Ng5 50. Bg2 Rd2 51. Bb7 h5 (51... f5 $5 {creates asymmetry.} 52. Bg2 Ne6 53. Kg1 h6 54. Re3 h5) 52. Ba8 Ra2 53. Bb7 Ra7 54. Bg2 Kc5 55. Rf1 Ra6 56. Rf4 Re6 57. Bf1 Rb6 58. Bg2 Nf7 59. h3 Ne5 60. Rf5 Kd4 61. Rf1 Ke3 62. Kg1 Nd3 63. Rf5 $2 {[%mdl 8192]} (63. hxg4 $11 hxg4 64. Bd5) 63... Ne1 $2 (63... Rb1+ $19 64. Kh2 Rb6) 64. Rf1 $11 Rb1 65. Kh1 Rc1 {And now ...Nd3 would win.} 66. Bb7 f5 67. Ba6 $2 {[%mdl 8192]} (67. hxg4 $11 fxg4 68. Ba6) 67... h4 $19 (67... gxh3 68. Bb7 $11) 68. gxh4 (68. hxg4 $19 hxg3 69. Bb7 (69. Rxf5 $2 Nf3+ 70. Kg2 Rg1+ 71. Kh3 Kf2 72. Rxf3+ Kxf3 73. Bb7+ Kf4 $19)) 68... g3 {Black mates.} ({Weaker is} 68... gxh3 69. h5 Kd2 70. Kh2 $14 (70. h6 Rc6 71. h7 Rh6 $11)) 69. Bb7 f4 70. h5 Rd1 71. h6 {[#]} f3 $1 72. Bxf3 Nxf3 73. Kg2 Rxf1 74. Kxf1 Ng5 75. Kg2 Kf4 76. Kh1 Ke5 $2 {[%mdl 32768] Sensor Board Error (Ke4/e5)?} (76... Kf3 {mates} 77. Kg1 g2 78. h4 Nh3+ 79. Kh2 g1=Q+ 80. Kxh3 Qh1#) 0-1